| 000 | 00541nam a2200205Ia 4500 | ||
|---|---|---|---|
| 008 | 160803s9999 xx 000 0 und d | ||
| 020 | _a0 439098335 | ||
| 100 | _aFontes, Justine Korman | ||
| 245 | 4 | _aThe Christmas cub / | |
| 245 | _cby Justine korman Fontes ; illustrated by Lucinda McQueen. | ||
| 260 | _aNew York : | ||
| 260 | _bScholastic Inc. | ||
| 260 | _c1999 | ||
| 300 | _a28 pages : | ||
| 300 | _bcolor illustrations ; | ||
| 300 | _c23 cm. | ||
| 440 | _aScholastic reader ; | ||
| 440 | _vlevel 2. | ||
| 700 | _a170 | ||
| 999 |
_c298875 _d298875 |
||